| 000 | 00396nam a2200145Ia 4500 | ||
|---|---|---|---|
| 008 | 150201s2013 xx 000 0 und d | ||
| 082 |
_a617.6342 _bO2013G |
||
| 100 | _aGARG,NISHA | ||
| 245 | _aTEXT BOOK OF OPERATIVE DENTISTRY | ||
| 250 | _a2ND | ||
| 260 |
_bJAYPEE MEDICAL PUBLISHER _aNEW DELHI _c2013 |
||
| 300 | _a1-605 | ||
| 650 | _aCONSERVATIVE DENTISTRY & ENDODONTICS | ||
| 942 |
_2ddc _cBK _023 |
||
| 999 |
_c4803 _d4803 |
||